000 00768nam a22002417a 4500
003 UA-OsUOA
001 122356
007 ta
008 20170425b un ||||| |||| 00| 0 ukr d
100 _aГатто Д. Т.
090 _a371.3(73)
_bГ23
942 _cBK
040 _aUA-OsUOA
_bukr
_cUA-OsUOA
_dUA-OsUOA
245 _aВчитель 2.0. Як розв'язати проблему американського шкільництва
300 _a168 с.
955 _a1
041 _aukr
080 _a371.3(73)
020 _a978-966-8853-61-6
260 _aЛьвів
_bЛітопис
_c2016
650 7 _a371 Організація системи освіти та виховання. Шкільна організація
_2UDC
999 _c408648
_d408648